00449 a2200121 4500020001800000082001500018110002200033245006200055260006100117300003000178650009700208710002200305 a9788461680948 a708bC334e aLa Casa Encendida aEn casa 2013: Dil̀ogos Autn̤omos bAutonomous Dialogues aEspaąbLa Casa Encendida, Caja Madrid Fundacin̤c2013 a221 pbill. (col.)c24 cm aCatl̀ogoxColeccin̤xArte modernoxInstalacion de artexIntervenciones espacialeszEspaą aLa Casa Encendida